[Event "Arab-ch Rapid (Women)"]
[Site "Sharjah"]
[Date "2024.11.10"]
[Round "1"]
[White "Ahoud, Eisa Mohamed"]
[Black "Eman, Sawan"]
[Result "1/2-1/2"]
[WhiteElo "1552"]
[BlackElo "2065"]
[PlyCount "46"]
[EventDate "2024.11.10"]
[EventType "swiss (rapid)"]
[EventRounds "7"]
[EventCountry "UAE"]
[SourceTitle "CB47_2024"]
[SourceDate "2024.11.20"]
[SourceVersion "1"]
[SourceVersionDate "2024.11.20"]
[SourceQuality "1"]

1. e4 c5 2. Nf3 d6 3. Bb5+ Nd7 4. 0-0 a6 5. Bd3 Ngf6 6. Re1 b5 7. b3 Bb7 8. c3 e6 9. a4 b4 10. Bb2 Be7 11. Bc2 0-0 12. cxb4 cxb4 13. d4 Rc8 14. Nbd2 Qc7 15. Rc1 e5 16. dxe5 Nxe5 17. Nxe5 dxe5 18. Nc4 Nd7 19. Qe2 f6 20. Red1 Rfd8 21. Ne3 Nb6 22. Bd3 Qb8 23. f3 Bc5 1/2-1/2

[Event "Arab-ch Rapid (Women)"]
[Site "Sharjah"]
[Date "2024.11.10"]
[Round "4"]
[White "Gabsi, Israa"]
[Black "Ahoud, Eisa Mohamed"]
[Result "0-1"]
[WhiteElo "1433"]
[BlackElo "1552"]
[PlyCount "76"]
[EventDate "2024.11.10"]
[EventType "swiss (rapid)"]
[EventRounds "7"]
[EventCountry "UAE"]
[SourceTitle "CB47_2024"]
[SourceDate "2024.11.20"]
[SourceVersion "1"]
[SourceVersionDate "2024.11.20"]
[SourceQuality "1"]

1. e4 e5 2. Nf3 Nc6 3. Bc4 Nf6 4. d3 Bc5 5. Bg5 h6 6. Bh4 d6 7. h3 a6 8. Nc3 Na5 9. Bb3 Nxb3 10. axb3 g5 11. Bg3 Nh5 12. Bh2 Nf4 13. Ne2 Nxg2+ 14. Kd2 Bxf2 15. Bg1 Bxg1 16. Nexg1 Be6 17. Qf1 Nf4 18. Ne2 Qd7 19. h4 g4 20. Nh2 Nxe2 21. Qxe2 0-0-0 22. Rag1 h5 23. Qf2 f5 24. Qa7 Qc6 25. exf5 Bxf5 26. Rf1 Be6 27. Rhg1 Qb6 28. Qxb6 cxb6 29. Rf6 Kd7 30. Rgf1 Ke7 31. Ke2 Rdf8 32. Rxf8 Rxf8 33. Rd1 Rc8 34. c4 b5 35. Rg1 bxc4 36. bxc4 b5 37. Ra1 bxc4 38. Rxa6 cxd3+ 0-1